[Event "EU-ch Blitz"]
[Site "Zagreb"]
[Date "2023.12.16"]
[Round "6"]
[White "Burovic, Rijad"]
[Black "Jovanovic, Zoran"]
[Result "1-0"]
[WhiteElo "2438"]
[BlackElo "2515"]
[PlyCount "60"]
[EventDate "2023.12.16"]
[EventType "swiss (blitz)"]
[EventRounds "13"]
[EventCountry "CRO"]
[SourceTitle "CB51_2023"]
[SourceDate "2023.12.20"]
[SourceVersion "1"]
[SourceVersionDate "2023.12.20"]
[SourceQuality "1"]

1. e4 d6 2. Nc3 Nf6 3. f4 d5 4. e5 d4 5. Nb5 Nd5 6. Nxd4 Nxf4 7. Ngf3 e6 8. Nb3 Ng6 9. d4 c5 10. Bg5 Qc7 11. Qd2 cxd4 12. 0-0-0 Nc6 13. Nbxd4 Be7 14. Nb5 Qb6 15. Bxe7 Ngxe7 16. Nd6+ Kf8 17. Qf4 Nf5 18. Ng5 Qe3+ 19. Qxe3 Nxe3 20. Re1 Nf5 21. Ndxf7 Rg8 22. g4 Nh4 23. Nd6 h6 24. Nxc8 hxg5 25. Nd6 Ke7 26. Nxb7 Rab8 27. Nc5 Nf3 28. Rd1 Nfxe5 29. Bg2 Rgc8 30. Rhe1 Rb5 1-0

[Event "EU-ch Rapid"]
[Site "Zagreb"]
[Date "2023.12.15"]
[Round "9"]
[White "Pastar, Slaven"]
[Black "Burovic, Rijad"]
[Result "1-0"]
[WhiteElo "2357"]
[BlackElo "2438"]
[PlyCount "97"]
[EventDate "2023.12.14"]
[EventType "swiss (rapid)"]
[EventRounds "11"]
[EventCountry "CRO"]
[SourceTitle "CB51_2023"]
[SourceDate "2023.12.20"]
[SourceVersion "1"]
[SourceVersionDate "2023.12.20"]
[SourceQuality "1"]

1. b3 Nf6 2. Bb2 g6 3. Nf3 Bg7 4. g3 0-0 5. Bg2 c5 6. c4 d6 7. d4 d5 8. cxd5 Nxd5 9. Qd2 Nc6 10. 0-0 Nc7 11. Rd1 Bg4 12. d5 Bxb2 13. Qxb2 e6 14. d6 Bxf3 15. Bxf3 Nb5 16. Bxc6 bxc6 17. Nd2 Nxd6 18. Ne4 Nxe4 19. Rxd8 Rfxd8 20. Qe5 Rd4 21. e3 Nd2 22. Qxc5 Rd5 23. Qxc6 Rad8 24. Kg2 Ne4 25. Rc1 a5 26. Rc4 Nd6 27. Rf4 Nf5 28. e4 R5d6 29. Qc7 R6d7 30. Qxa5 Nd4 31. e5 Rd5 32. Qc7 R8d7 33. Qc8+ Kg7 34. Re4 h5 35. h4 Ra7 36. a4 Rad7 37. Qc3 Nf5 38. Re2 Rd3 39. Qc2 Rd1 40. Qe4 R7d4 41. Qb7 Rd7 42. Qb4 R7d4 43. Qc3 R4d3 44. Qb4 Rd4 45. Qa3 Rb1 46. Rb2 Rc1 47. Rd2 Ne3+ 48. Kf3 Nc2 49. Qxc1 1-0

[Event "BIH-chT 21st"]
[Site "Sarajevo"]
[Date "2023.11.01"]
[Round "2.2"]
[White "Draskovic, Luka"]
[Black "Burovic, Rijad"]
[Result "0-1"]
[WhiteElo "2476"]
[BlackElo "2430"]
[PlyCount "76"]
[EventDate "2023.10.31"]
[EventType "team-tourn"]
[EventRounds "9"]
[EventCountry "BIH"]
[SourceTitle "Mega2024 Update 01"]
[Source "Chessbase"]
[SourceDate "2023.11.12"]
[SourceVersion "1"]
[SourceVersionDate "2023.11.12"]
[SourceQuality "1"]
[WhiteTeam "Sarajevo SK"]
[BlackTeam "Sarajevo Napredak"]
[WhiteTeamCountry "BIH"]
[BlackTeamCountry "BIH"]

1. e4 c6 2. d4 d5 3. e5 Bf5 4. h4 Qa5+ 5. Nc3 h5 6. Nge2 e6 7. Be3 Bg4 8. Qd2 Ne7 9. f3 Bf5 10. a3 Nd7 11. Rg1 a6 12. b4 Qc7 13. g4 Bg6 14. Bf2 b6 15. Nd1 c5 16. c3 cxd4 17. cxd4 b5 18. Rc1 Qb7 19. Nf4 Nb6 20. Nb2 Nc4 21. Qc3 a5 22. bxa5 hxg4 23. fxg4 Be4 24. Bd3 Bxd3 25. Nfxd3 Nc6 26. a4 b4 27. Qc2 N6xa5 28. h5 b3 29. Qe2 Ba3 30. Rg3 Nxb2 31. Nxb2 Nc4 32. Nxc4 dxc4 33. Rb1 Rxa4 34. Kf1 Qh1+ 35. Bg1 Qd5 36. g5 Bb4 37. Qg4 c3 38. g6 Rf8 0-1

[Event "BIH-chT 20th"]
[Site "Neum"]
[Date "2022.09.16"]
[Round "7.1"]
[White "Kadric, Denis"]
[Black "Burovic, Rijad"]
[Result "1/2-1/2"]
[WhiteElo "2561"]
[BlackElo "2455"]
[PlyCount "51"]
[EventDate "2022.09.10"]
[EventType "team-tourn"]
[EventRounds "9"]
[EventCountry "BIH"]
[SourceTitle "CBM 210 Extra"]
[Source "ChessBase"]
[SourceDate "2022.11.30"]
[SourceVersion "1"]
[SourceVersionDate "2022.11.30"]
[SourceQuality "1"]
[WhiteTeam "Sarajevo SK"]
[BlackTeam "Sarajevo Napredak"]
[WhiteTeamCountry "BIH"]
[BlackTeamCountry "BIH"]

1. e4 c6 2. d4 d5 3. e5 Bf5 4. h4 h5 5. Bd3 Bxd3 6. Qxd3 Qa5+ 7. Nd2 e6 8. Ngf3 Nh6 9. 0-0 Nf5 10. Nb3 Qa6 11. Qd1 Be7 12. Bg5 Bxg5 13. hxg5 g6 14. Nc5 Qb6 15. c4 dxc4 16. Nd2 Na6 17. Nxc4 Qb5 18. Qc1 Nxc5 19. dxc5 0-0 20. Nd6 Nxd6 21. exd6 b6 22. Rd1 Rfd8 23. a4 Qxc5 24. Qxc5 bxc5 25. Rac1 Rab8 26. Rd2 1/2-1/2

[Event "BIH-chT 20th"]
[Site "Neum"]
[Date "2022.09.15"]
[Round "6.3"]
[White "Burovic, Rijad"]
[Black "Martinovic, Sasa"]
[Result "0-1"]
[WhiteElo "2455"]
[BlackElo "2546"]
[PlyCount "101"]
[EventDate "2022.09.10"]
[EventType "team-tourn"]
[EventRounds "9"]
[EventCountry "BIH"]
[SourceTitle "CBM 210 Extra"]
[Source "ChessBase"]
[SourceDate "2022.11.30"]
[SourceVersion "1"]
[SourceVersionDate "2022.11.30"]
[SourceQuality "1"]
[WhiteTeam "Sarajevo Napredak"]
[BlackTeam "Sarajevo Bosna"]
[WhiteTeamCountry "BIH"]
[BlackTeamCountry "BIH"]

1. e4 e6 2. d3 d5 3. Nd2 Nf6 4. e5 Nfd7 5. f4 c5 6. Ndf3 Nc6 7. g3 Be7 8. Bg2 b5 9. Nh3 Bb7 10. 0-0 a5 11. Qe2 g6 12. c3 a4 13. Bd2 c4 14. d4 a3 15. Rab1 Qb6 16. Nf2 axb2 17. Rxb2 Ra3 18. g4 b4 19. Rfb1 Qa7 20. f5 Rxa2 21. Rxa2 Qxa2 22. Qe1 gxf5 23. Ra1 Qc2 24. Rc1 Qa4 25. Ra1 Qb5 26. gxf5 b3 27. Bh3 Nf8 28. f6 Bd8 29. Bh6 Ba5 30. Qd2 Rg8+ 31. Bg7 h5 32. Ng5 Nd8 33. Bg2 Ng6 34. Bf3 Nh4 35. Bxh5 Nf5 36. Bg4 Nxg7 37. fxg7 Rxg7 38. h4 Nc6 39. Kh2 Bd8 40. Nfh3 Ne7 41. h5 Ng8 42. Rg1 Qa5 43. Rg2 Qa1 44. Qf4 b2 45. Bxe6 b1Q 46. Bxf7+ Kd7 47. Qg4+ Kc7 48. Ne6+ Kb8 49. Nxg7 Qh1+ 50. Kg3 Qxc3+ 51. Qf3 0-1

[Event "BIH-chT 20th"]
[Site "Neum"]
[Date "2022.09.14"]
[Round "5.2"]
[White "Ernst, Sipke"]
[Black "Burovic, Rijad"]
[Result "1-0"]
[WhiteElo "2539"]
[BlackElo "2455"]
[PlyCount "121"]
[EventDate "2022.09.10"]
[EventType "team-tourn"]
[EventRounds "9"]
[EventCountry "BIH"]
[SourceTitle "CBM 210 Extra"]
[Source "ChessBase"]
[SourceDate "2022.11.30"]
[SourceVersion "1"]
[SourceVersionDate "2022.11.30"]
[SourceQuality "1"]
[WhiteTeam "Konjic Igman"]
[BlackTeam "Sarajevo Napredak"]
[WhiteTeamCountry "BIH"]
[BlackTeamCountry "BIH"]

1. d4 Nf6 2. c4 e6 3. Nc3 Bb4 4. a3 Bxc3+ 5. bxc3 0-0 6. f3 d6 7. e4 c5 8. Bd3 Nc6 9. Ne2 e5 10. d5 Na5 11. Bg5 h6 12. Bh4 b6 13. g4 Ba6 14. Ra2 g6 15. Qc1 Kh7 16. f4 Bxc4 17. Bxc4 Nxc4 18. 0-0 exf4 19. Qxf4 g5 20. Qf5+ Kh8 21. Bxg5 hxg5 22. Qxf6+ Qxf6 23. Rxf6 Kg7 24. Rf2 Ne5 25. h3 Rh8 26. Kg2 f6 27. Ng3 Nd3 28. Rf1 Nf4+ 29. Rxf4 gxf4 30. Nf5+ Kg6 31. h4 Rhd8 32. Kf3 b5 33. Rb2 a6 34. a4 Rdb8 35. Nxd6 bxa4 36. Ra2 Rb6 37. h5+ Kh7 38. Nf5 Rb3 39. Rxa4 Rxc3+ 40. Kxf4 Rc1 41. Ne3 a5 42. d6 Ra6 43. e5 fxe5+ 44. Kxe5 Rc3 45. Nd5 Rf3 46. d7 Rf8 47. Nc7 Rb6 48. Ne6 Rg8 49. Rxa5 c4 50. Rc5 c3 51. Rxc3 Rb5+ 52. Kd6 Rb6+ 53. Rc6 Rb3 54. d8Q Rd3+ 55. Ke7 Rdxd8 56. Nxd8 Rxg4 57. Nf7 Kg7 58. Re6 Rh4 59. Rg6+ Kh7 60. Kf8 Rg4 61. Rh6# 1-0

[Event "BIH-chT 20th"]
[Site "Neum"]
[Date "2022.09.10"]
[Round "1.4"]
[White "Milosevic, Milos"]
[Black "Burovic, Rijad"]
[Result "1-0"]
[WhiteElo "2379"]
[BlackElo "2455"]
[PlyCount "59"]
[EventDate "2022.09.10"]
[EventType "team-tourn"]
[EventRounds "9"]
[EventCountry "BIH"]
[SourceTitle "CBM 210 Extra"]
[Source "ChessBase"]
[SourceDate "2022.11.30"]
[SourceVersion "1"]
[SourceVersionDate "2022.11.30"]
[SourceQuality "1"]
[WhiteTeam "Bihac"]
[BlackTeam "Sarajevo Napredak"]
[WhiteTeamCountry "BIH"]
[BlackTeamCountry "BIH"]

1. e4 c6 2. d4 d5 3. e5 Bf5 4. h4 Qc7 5. g4 Bd7 6. Nc3 e6 7. Be3 c5 8. Nf3 a6 9. Bh3 Nc6 10. dxc5 Nxe5 11. Nxe5 Qxe5 12. 0-0 Nf6 13. Re1 Qc7 14. b4 0-0-0 15. a4 h5 16. g5 Ng4 17. Bxg4 hxg4 18. Qxg4 e5 19. Qg3 Bf5 20. Nb5 axb5 21. axb5 d4 22. Bd2 f6 23. Ra7 Bxc5 24. bxc5 Qxc5 25. Rea1 Qd5 26. gxf6 g6 27. b6 Qe4 28. Bg5 Kd7 29. R1a5 Ke6 30. f3 1-0

[Event "BIH-chT 19th"]
[Site "Neum"]
[Date "2021.09.23"]
[Round "8.2"]
[White "Burovic, Rijad"]
[Black "Runic, Zoran"]
[Result "1-0"]
[WhiteElo "2448"]
[BlackElo "2350"]
[PlyCount "31"]
[EventDate "2021.09.17"]
[EventType "team-tourn"]
[EventRounds "9"]
[EventCountry "BIH"]
[SourceTitle "EXT 2023"]
[Source "ChessBase"]
[SourceDate "2022.10.05"]
[SourceVersion "1"]
[SourceVersionDate "2022.10.05"]
[SourceQuality "1"]
[WhiteTeam "Sarajevo Napredak"]
[BlackTeam "Bihac"]
[WhiteTeamCountry "BIH"]
[BlackTeamCountry "BIH"]

1. e4 d6 2. Nc3 Nf6 3. f4 d5 4. e5 d4 5. Nce2 Nd5 6. Nxd4 Nxf4 7. Ngf3 c5 8. Nb3 Qd5 9. d4 Qe4+ 10. Kf2 cxd4 11. Bb5+ Bd7 12. Re1 Qf5 13. Nbxd4 Qg4 14. Bxf4 Qxf4 15. e6 Bc6 16. Nxc6 1-0

[Event "BIH-chT 19th"]
[Site "Neum"]
[Date "2021.09.20"]
[Round "4.2"]
[White "Burovic, Rijad"]
[Black "Predojevic, Borki"]
[Result "1/2-1/2"]
[WhiteElo "2448"]
[BlackElo "2586"]
[PlyCount "49"]
[EventDate "2021.09.17"]
[EventType "team-tourn"]
[EventRounds "9"]
[EventCountry "BIH"]
[SourceTitle "EXT 2023"]
[Source "ChessBase"]
[SourceDate "2022.10.05"]
[SourceVersion "1"]
[SourceVersionDate "2022.10.05"]
[SourceQuality "1"]
[WhiteTeam "Sarajevo Napredak"]
[BlackTeam "Sarajevo Bosna"]
[WhiteTeamCountry "BIH"]
[BlackTeamCountry "BIH"]

1. e4 c5 2. Nf3 Nc6 3. d4 cxd4 4. Nxd4 g6 5. Nc3 Bg7 6. Be3 Nf6 7. Bc4 0-0 8. f3 Qb6 9. Bb3 Nxe4 10. Nd5 Qa5+ 11. c3 Nc5 12. Nxc6 dxc6 13. Nxe7+ Kh8 14. Nxc8 Raxc8 15. 0-0 Rcd8 16. Qc2 Qb5 17. Rad1 Kg8 18. Bxc5 Qxc5+ 19. Qf2 Qxf2+ 20. Kxf2 Bf6 21. Rxd8 Rxd8 22. Rd1 Kf8 23. f4 h5 24. Kf3 Rxd1 25. Bxd1 1/2-1/2

[Event "Konjic 10th"]
[Site "Konjic"]
[Date "2021.03.01"]
[Round "6"]
[White "Burovic, Rijad"]
[Black "Runic, Zoran"]
[Result "0-1"]
[WhiteElo "2444"]
[BlackElo "2378"]
[PlyCount "110"]
[EventDate "2021.02.26"]
[EventType "tourn"]
[EventRounds "9"]
[EventCountry "BIH"]
[EventCategory "3"]
[SourceTitle "CBM 201 Extra"]
[Source "ChessBase"]
[SourceDate "2021.05.31"]
[SourceVersion "1"]
[SourceVersionDate "2021.05.31"]
[SourceQuality "1"]

1. e4 Nf6 2. Nc3 d5 3. e5 Ne4 4. Nxe4 dxe4 5. d4 exd3 6. Bxd3 g6 7. Nf3 Bf5 8. Bb5+ c6 9. Qxd8+ Kxd8 10. Bc4 Ke8 11. e6 Bxe6 12. Bxe6 fxe6 13. Bf4 Nd7 14. 0-0-0 Bg7 15. Ng5 e5 16. Ne6 Bf6 17. Be3 Rc8 18. Rd2 b6 19. Rhd1 Nb8 20. Ng5 Bxg5 21. Bxg5 c5 22. Bh4 Rf8 23. Re1 Nc6 24. Bg3 Rd8 25. Rde2 Rd5 26. f3 Rf5 27. Rd2 Rxd2 28. Kxd2 Kd7 29. Ke3 Rf6 30. c3 Rd6 31. h4 Ke6 32. Bh2 b5 33. a4 b4 34. Bg1 bxc3 35. bxc3 c4 36. Ke2 Rd3 37. Rc1 Kd5 38. Be3 e4 39. fxe4+ Kxe4 40. Bd2 Na5 41. Rf1 Nb3 42. Rf4+ Ke5 43. Be3 Rxc3 44. Rf7 e6 45. Rxa7 Ke4 46. Bg5 Rc2+ 47. Kf1 Ra2 48. Rxh7 c3 49. Rg7 Kd3 50. Rd7+ Nd4 51. Rg7 e5 52. Rxg6 e4 53. h5 c2 54. Bc1 Ra1 55. Rg3+ Nf3 0-1

[Event "Konjic 10th"]
[Site "Konjic"]
[Date "2021.02.27"]
[Round "3"]
[White "Ristic, Nenad"]
[Black "Burovic, Rijad"]
[Result "1-0"]
[WhiteElo "2330"]
[BlackElo "2444"]
[PlyCount "109"]
[EventDate "2021.02.26"]
[EventType "tourn"]
[EventRounds "9"]
[EventCountry "BIH"]
[EventCategory "3"]
[SourceTitle "CBM 201 Extra"]
[Source "ChessBase"]
[SourceDate "2021.05.31"]
[SourceVersion "1"]
[SourceVersionDate "2021.05.31"]
[SourceQuality "1"]

1. e4 e6 2. d4 d5 3. Nd2 c5 4. Ngf3 cxd4 5. exd5 Qxd5 6. Bc4 Qd6 7. 0-0 Nf6 8. Nb3 Nc6 9. Nbxd4 Nxd4 10. Nxd4 a6 11. Bd3 Qc7 12. Nf3 Bd6 13. Qe2 b6 14. Bg5 Bb7 15. Bxf6 gxf6 16. Be4 0-0 17. Rad1 Rfd8 18. Rd3 Bxe4 19. Qxe4 Be7 20. Rfd1 Rxd3 21. Rxd3 Rd8 22. g3 Rxd3 23. Qxd3 b5 24. c3 Bc5 25. Nd2 Bb6 26. Kg2 Kg7 27. b4 Qa7 28. Qe2 Qd7 29. c4 bxc4 30. Nxc4 Qd5+ 31. f3 Ba7 32. a4 h5 33. Na5 Bb6 34. Nc4 Ba7 35. Na5 h4 36. gxh4 Bb8 37. b5 axb5 38. axb5 Bc7 39. Nc6 f5 40. Kh3 e5 41. Qg2+ Kf8 42. Qg8+ Kxg8 43. Ne7+ Kg7 44. Nxd5 Bd6 45. b6 Kg6 46. b7 f4 47. Ne7+ Kh5 48. Nc6 f5 49. b8Q Bxb8 50. Nxb8 e4 51. Nc6 exf3 52. Nd4 f2 53. Kg2 Kxh4 54. Kxf2 Kh3 55. Nf3 1-0

[Event "Konjic 10th"]
[Site "Konjic"]
[Date "2021.02.26"]
[Round "1"]
[White "Burovic, Rijad"]
[Black "Zenelaj, Samuel"]
[Result "1/2-1/2"]
[WhiteElo "2444"]
[BlackElo "2208"]
[PlyCount "57"]
[EventDate "2021.02.26"]
[EventType "tourn"]
[EventRounds "9"]
[EventCountry "BIH"]
[EventCategory "3"]
[SourceTitle "CBM 201 Extra"]
[Source "ChessBase"]
[SourceDate "2021.05.31"]
[SourceVersion "1"]
[SourceVersionDate "2021.05.31"]
[SourceQuality "1"]

1. e4 e5 2. f4 exf4 3. Bc4 Nc6 4. d4 Qh4+ 5. Kf1 d6 6. Nf3 Bg4 7. Nc3 Bxf3 8. gxf3 Nf6 9. Nd5 Nxd5 10. Bxd5 Be7 11. c3 g5 12. Qe2 Qh3+ 13. Qg2 Qxg2+ 14. Kxg2 Bf6 15. b4 Rb8 16. h4 h6 17. hxg5 hxg5 18. Rxh8+ Bxh8 19. Bd2 Ne7 20. Rh1 Bf6 21. Bb3 Kf8 22. Rh7 Bg7 23. Rh5 Bf6 24. Rh7 Bg7 25. Be1 Ng6 26. Rh5 Bf6 27. Rh7 Bg7 28. Rh5 Bf6 29. Rh7 1/2-1/2

[Event "SRB-chT 2nd League West"]
[Site "Kragujevac"]
[Date "2019.10.05"]
[Round "9.1"]
[White "Burovic, Rijad"]
[Black "Popchev, Milko"]
[Result "1-0"]
[WhiteElo "2429"]
[BlackElo "2271"]
[PlyCount "109"]
[EventDate "2019.09.06"]
[EventType "team-tourn"]
[EventRounds "11"]
[EventCountry "SRB"]
[SourceTitle "EXT 2020"]
[Source "ChessBase"]
[SourceDate "2019.10.17"]
[SourceVersion "1"]
[SourceVersionDate "2019.10.17"]
[SourceQuality "1"]
[WhiteTeam "Tutin"]
[BlackTeam "Loznica"]
[WhiteTeamCountry "SRB"]
[BlackTeamCountry "SRB"]

1. e4 b6 2. Nc3 Bb7 3. g3 e6 4. Bg2 Nf6 5. Nge2 Be7 6. 0-0 d5 7. e5 Nfd7 8. d4 0-0 9. f4 f5 10. exf6 Nxf6 11. Bh3 Bc8 12. Be3 c5 13. Qd2 Nc6 14. Rae1 Kh8 15. Bf2 Rb8 16. Kh1 a6 17. Bg2 Ng4 18. Bg1 Nh6 19. dxc5 Bxc5 20. Nd4 Nxd4 21. Bxd4 Bd7 22. Ne2 Nf5 23. Rf3 Nxd4 24. Nxd4 Qf6 25. c3 Rbc8 26. Rfe3 h6 27. Re5 Rfe8 28. Bh3 Rcd8 29. Nxe6 Bxe6 30. Bxe6 d4 31. c4 a5 32. Qd3 Rf8 33. Bd5 Qd6 34. a3 Rf6 35. Re6 Qf8 36. Rxf6 Qxf6 37. Re6 Qf8 38. Qg6 Qg8 39. Qe4 d3 40. Re5 d2 41. Qd3 Qf8 42. Qxd2 Be7 43. Qe2 Bf6 44. Re6 b5 45. cxb5 Bxb2 46. a4 Bd4 47. Qe4 Bc5 48. b6 Bd6 49. b7 Bb8 50. Kg2 Ba7 51. Qg6 Qg8 52. Be4 Rd2+ 53. Kh3 Rd8 54. Rc6 Bb8 55. Bf5 1-0

[Event "SRB-chT 2nd League West"]
[Site "Kragujevac"]
[Date "2019.10.04"]
[Round "7.1"]
[White "Burovic, Rijad"]
[Black "Jovanovic, Bojan V"]
[Result "1-0"]
[WhiteElo "2429"]
[BlackElo "2279"]
[PlyCount "59"]
[EventDate "2019.09.06"]
[EventType "team-tourn"]
[EventRounds "11"]
[EventCountry "SRB"]
[SourceTitle "EXT 2020"]
[Source "ChessBase"]
[SourceDate "2019.10.17"]
[SourceVersion "1"]
[SourceVersionDate "2019.10.17"]
[SourceQuality "1"]
[WhiteTeam "Tutin"]
[BlackTeam "Smederevo"]
[WhiteTeamCountry "SRB"]
[BlackTeamCountry "SRB"]

1. e4 c5 2. d3 Nc6 3. g3 g6 4. Bg2 Bg7 5. f4 d6 6. Nf3 e6 7. 0-0 Nge7 8. c3 0-0 9. Be3 Rb8 10. Re1 b6 11. Bf2 Bd7 12. Na3 a6 13. Nc2 Qc7 14. d4 cxd4 15. cxd4 d5 16. e5 Rfc8 17. Ne3 Na5 18. g4 Nc4 19. Bh4 Nxe3 20. Rxe3 Bf8 21. Qe1 Qc2 22. Re2 Qa4 23. Qf2 Bb5 24. Rd2 Nc6 25. f5 Bb4 26. Rdd1 Na5 27. b3 Qa3 28. Ng5 Rf8 29. Nxh7 exf5 30. Bf6 1-0

[Event "SRB-chT 2nd League West"]
[Site "Kragujevac"]
[Date "2019.10.04"]
[Round "8.1"]
[White "Milanovic, Slavisa"]
[Black "Burovic, Rijad"]
[Result "0-1"]
[WhiteElo "2362"]
[BlackElo "2429"]
[PlyCount "88"]
[EventDate "2019.09.06"]
[EventType "team-tourn"]
[EventRounds "11"]
[EventCountry "SRB"]
[SourceTitle "EXT 2020"]
[Source "ChessBase"]
[SourceDate "2019.10.17"]
[SourceVersion "1"]
[SourceVersionDate "2019.10.17"]
[SourceQuality "1"]
[WhiteTeam "Krupanj"]
[BlackTeam "Tutin"]
[WhiteTeamCountry "SRB"]
[BlackTeamCountry "SRB"]

1. c4 e5 2. Nc3 Nc6 3. Nf3 Nf6 4. a3 d5 5. cxd5 Nxd5 6. Qc2 Nb6 7. e3 f5 8. Bb5 Bd6 9. d4 e4 10. d5 exf3 11. dxc6 0-0 12. gxf3 a6 13. cxb7 Bxb7 14. Be2 Qh4 15. Bd2 Qh3 16. 0-0-0 Bxf3 17. Bxf3 Qxf3 18. Na4 Nxa4 19. Qxa4 Be5 20. Rhf1 Rf6 21. Bc3 Bxc3 22. Qc4+ Kh8 23. bxc3 Rc6 24. Qd4 Rg8 25. Rg1 Rd6 26. Qf4 Qc6 27. Kc2 Re6 28. Rd4 Re4 29. Qxf5 Rxd4 30. exd4 Qa4+ 31. Kd3 Qxa3 32. Qe5 Qa2 33. Qxc7 Qxf2 34. Qg3 Qf5+ 35. Kd2 h6 36. Ra1 Qb5 37. Rg1 a5 38. Qd3 Qb8 39. Qg3 Qb2+ 40. Kd3 a4 41. d5 a3 42. Qg2 Qb5+ 43. Kd4 a2 44. Ra1 Qb6+ 0-1

[Event "SRB-chT 2nd League West"]
[Site "Kragujevac"]
[Date "2019.09.07"]
[Round "2.1"]
[White "Burovic, Rijad"]
[Black "Muratovic, Efim"]
[Result "1/2-1/2"]
[WhiteElo "2429"]
[BlackElo "2398"]
[PlyCount "20"]
[EventDate "2019.09.06"]
[EventType "team-tourn"]
[EventRounds "11"]
[EventCountry "SRB"]
[SourceTitle "EXT 2020"]
[Source "ChessBase"]
[SourceDate "2019.10.17"]
[SourceVersion "1"]
[SourceVersionDate "2019.10.17"]
[SourceQuality "1"]
[WhiteTeam "Tutin"]
[BlackTeam "Prijepolje Priko"]
[WhiteTeamCountry "SRB"]
[BlackTeamCountry "SRB"]

1. e4 c5 2. d3 Nc6 3. g3 g6 4. Bg2 Bg7 5. f4 d6 6. Nf3 e6 7. 0-0 Nge7 8. c3 0-0 9. Be3 b6 10. Na3 Bb7 1/2-1/2

[Event "BIH-chT 18th"]
[Site "Tuzla"]
[Date "2019.06.11"]
[Round "4.5"]
[White "Vlatkovic, Milos"]
[Black "Burovic, Rijad"]
[Result "0-1"]
[WhiteElo "2312"]
[BlackElo "2399"]
[PlyCount "72"]
[EventDate "2019.06.08"]
[EventType "team-tourn"]
[EventRounds "9"]
[EventCountry "BIH"]
[SourceTitle "CBM 190 Extra"]
[Source "ChessBase"]
[SourceDate "2019.07.15"]
[SourceVersion "1"]
[SourceVersionDate "2019.07.15"]
[SourceQuality "1"]
[WhiteTeam "Trebinje Leotar"]
[BlackTeam "Sarajevo Napredak"]
[WhiteTeamCountry "BIH"]
[BlackTeamCountry "BIH"]

1. d4 d6 2. Nf3 g6 3. Bg5 Bg7 4. c3 Nf6 5. Nbd2 h6 6. Bh4 g5 7. Bg3 Nh5 8. e4 e6 9. Nc4 b6 10. Nfd2 Nxg3 11. hxg3 Bb7 12. Bd3 Nd7 13. Qe2 Qe7 14. 0-0-0 0-0-0 15. f4 Kb8 16. Kb1 Nf6 17. Ne3 Rhe8 18. Rdf1 c5 19. e5 Nd5 20. Bb5 Nxe3 21. Qxe3 cxd4 22. cxd4 Rf8 23. Qa3 Bxg2 24. Nc4 Bxh1 25. Rxh1 Qb7 26. Re1 dxe5 27. dxe5 f6 28. Nd6 Qd5 29. Bc4 Qd2 30. Rc1 fxe5 31. Nb5 Rf7 32. Bxe6 Rb7 33. Bf5 exf4 34. g4 a6 35. Rc2 Qe1+ 36. Rc1 Rd1 0-1

[Event "BIH-chT 18th"]
[Site "Tuzla"]
[Date "2019.06.09"]
[Round "2.5"]
[White "Burovic, Rijad"]
[Black "Pastar, Slaven"]
[Result "1-0"]
[WhiteElo "2399"]
[BlackElo "2291"]
[PlyCount "89"]
[EventDate "2019.06.08"]
[EventType "team-tourn"]
[EventRounds "9"]
[EventCountry "BIH"]
[SourceTitle "CBM 190 Extra"]
[Source "ChessBase"]
[SourceDate "2019.07.15"]
[SourceVersion "1"]
[SourceVersionDate "2019.07.15"]
[SourceQuality "1"]
[WhiteTeam "Sarajevo Napredak"]
[BlackTeam "Pazaric Bjelasnica"]
[WhiteTeamCountry "BIH"]
[BlackTeamCountry "BIH"]

1. e4 e5 2. Nf3 Nc6 3. d4 exd4 4. Nxd4 Bc5 5. Be3 Qf6 6. c3 Nge7 7. Bc4 Qg6 8. Nxc6 Qxc6 9. Bxf7+ Kxf7 10. Qh5+ g6 11. Qxc5 Qxe4 12. 0-0 Qc6 13. Qg5 Re8 14. Nd2 d5 15. Rae1 Nf5 16. Bd4 Nxd4 17. Rxe8 Qxe8 18. cxd4 Bf5 19. Qf4 Kg8 20. Qxc7 Qb5 21. Nf3 Rc8 22. Qd6 Qc6 23. Qa3 Qc4 24. Qxa7 Bg4 25. Qa3 Bxf3 26. Qxf3 Qxd4 27. b3 Qd2 28. g3 Rc2 29. Kg2 Rc3 30. Rd1 Rxf3 31. Rxd2 Rf5 32. g4 Re5 33. f4 Re6 34. Rxd5 Re2+ 35. Kg3 Rxa2 36. Rd8+ Kf7 37. Rd7+ Kf6 38. Rxh7 b5 39. Rb7 Ra5 40. Rb6+ Kf7 41. b4 Ra3+ 42. Kh4 Ra2 43. h3 Rf2 44. Kg5 Rb2 45. Rxb5 1-0

[Event "BIH-chT 18th"]
[Site "Tuzla"]
[Date "2019.06.08"]
[Round "1.2"]
[White "Jelcic, Marko"]
[Black "Burovic, Rijad"]
[Result "1/2-1/2"]
[WhiteElo "2120"]
[BlackElo "2399"]
[PlyCount "47"]
[EventDate "2019.06.08"]
[EventType "team-tourn"]
[EventRounds "9"]
[EventCountry "BIH"]
[SourceTitle "CBM 190 Extra"]
[Source "ChessBase"]
[SourceDate "2019.07.15"]
[SourceVersion "1"]
[SourceVersionDate "2019.07.15"]
[SourceQuality "1"]
[WhiteTeam "Siroki Brijeg"]
[BlackTeam "Sarajevo Napredak"]
[WhiteTeamCountry "BIH"]
[BlackTeamCountry "BIH"]

1. e4 c6 2. d4 d5 3. exd5 cxd5 4. c4 Nf6 5. Nc3 g6 6. Bg5 Be6 7. Bxf6 exf6 8. c5 Nc6 9. Bb5 Bg7 10. Nge2 0-0 11. 0-0 f5 12. Qa4 Qc7 13. f4 a6 14. Bxc6 bxc6 15. Nc1 Rfb8 16. Nd3 a5 17. Rfe1 Bf6 18. Rab1 Ra7 19. Ne5 Rab7 20. Qc2 Rb4 21. Qd2 Qb7 22. b3 Bxe5 23. fxe5 Qe7 24. Na4 1/2-1/2

[Event "Sarajevo Bosna op 49th"]
[Site "Sarajevo"]
[Date "2019.05.03"]
[Round "9"]
[White "Burovic, Rijad"]
[Black "Rasidovic, Sead"]
[Result "1-0"]
[WhiteElo "2393"]
[BlackElo "2225"]
[PlyCount "75"]
[EventDate "2019.04.27"]
[EventType "swiss"]
[EventRounds "9"]
[EventCountry "BIH"]
[SourceTitle "CBM 190 Extra"]
[Source "ChessBase"]
[SourceDate "2019.07.15"]
[SourceVersion "1"]
[SourceVersionDate "2019.07.15"]
[SourceQuality "1"]

1. e4 e6 2. d3 c5 3. g3 Nc6 4. Bg2 d5 5. Nd2 Nf6 6. Ngf3 Be7 7. 0-0 0-0 8. Re1 Qc7 9. e5 Nd7 10. Qe2 b6 11. h4 Bb7 12. c3 Rae8 13. Nf1 Ba6 14. Bf4 Qd8 15. Bh3 Kh8 16. Ng5 Bxg5 17. hxg5 Qe7 18. Nh2 Rc8 19. Rad1 Rfe8 20. Qh5 Rg8 21. Ng4 Qe8 22. Qh4 Ne7 23. Bg2 Ng6 24. Qh3 Nxf4 25. gxf4 Nf8 26. b3 Qd7 27. Bf3 Bb7 28. Kg2 d4 29. c4 Bxf3+ 30. Kxf3 Qb7+ 31. Kg3 b5 32. Rh1 bxc4 33. bxc4 g6 34. Nf6 Rg7 35. Qh6 Qc6 36. Rh2 Rb8 37. f3 Qc8 38. Rdh1 1-0